|
|
|
|
| LEADER |
01328nam a2200361Ia 4500 |
| 001 |
EBC3050616 |
| 003 |
MiAaPQ |
| 005 |
20200520144314.0 |
| 006 |
m o d | |
| 007 |
cr cn||||||||| |
| 008 |
031216s2003 dcu gs 000 0 eng d |
| 020 |
|
|
|z 0821355031
|
| 035 |
|
|
|a (MiAaPQ)EBC3050616
|
| 035 |
|
|
|a (Au-PeEL)EBL3050616
|
| 035 |
|
|
|a (CaPaEBR)ebr10044933
|
| 035 |
|
|
|a (CaONFJC)MIL8650
|
| 035 |
|
|
|a (OCoLC)54360264
|
| 040 |
|
|
|a MiAaPQ
|c MiAaPQ
|d MiAaPQ
|
| 050 |
|
4 |
|a HC85
|b .N37 2003
|
| 082 |
0 |
4 |
|a 303.6/4/91724
|2 22
|
| 245 |
0 |
0 |
|a Natural resources and violent conflict
|h [electronic resource] :
|b options and actions /
|c Ian Bannon, Paul Collier, editors.
|
| 260 |
|
|
|a Washington, D.C. :
|b World Bank,
|c 2003.
|
| 300 |
|
|
|a 429 p.
|
| 533 |
|
|
|a Electronic reproduction. Ann Arbor, MI : ProQuest, 2015. Available via World Wide Web. Access may be limited to ProQuest affiliated libraries.
|
| 650 |
|
0 |
|a Civil war
|z Developing countries.
|
| 650 |
|
0 |
|a Natural resources
|z Developing countries.
|
| 650 |
|
0 |
|a Security, International.
|
| 651 |
|
0 |
|a Developing countries
|x Economic conditions.
|
| 655 |
|
4 |
|a Electronic books.
|
| 700 |
1 |
|
|a Bannon, Ian.
|
| 700 |
1 |
|
|a Collier, Paul.
|
| 710 |
2 |
|
|a ProQuest (Firm)
|
| 856 |
4 |
0 |
|u https://ebookcentral.proquest.com/lib/matrademy/detail.action?docID=3050616
|z Click to View
|